| 000 | 00000nam##2200000za#4500 |
| 001 | 9.699423 |
| 003 | CaOODSP |
| 005 | 20210625000356 |
| 007 | cr ||||||||||| |
| 008 | 150407|2007||||xxc|||||o f|0| 0 eng|d |
| 040 | |aCaOODSP|beng |
| 043 | |an-cn--- |
| 086 | 1 |aH14-138/2007E-PDF |
| 110 | 1 |aCanada. |bHealth Canada. |
| 245 | 10|a2007 Health Canada Science Forum : |h[electronic resource]|bintegration of science, regulation and policy for healthier Canadians - Ottawa, Ontario, November 8-9, 2007 / |c[issued by the] Office of the Chief Scientist. |
| 260 | |aOttawa - Ontario : |bHealth Canada |c[2007]. |
| 300 | |a18p. |
| 590 | |a14-12-Supp|b2014-05-30 |
| 690 | 07|aHealth sciences|2gcpds |
| 690 | 07|aRegulation|2gcpds |
| 775 | 08|tForum scientifique de Santé Canada 2007 : |w(CaOODSP)9.643416 |
| 856 | 40|ahttp://publications.gc.ca|qPDF|s291 KB|uhttps://publications.gc.ca/collections/collection_2014/sc-hc/H14-138-2007-eng.pdf |